Statistics for Camouflaged Boys' Names

Click here to take the quiz!

General Stats

  • This quiz has been taken 57 times
  • The average score is 12 of 20

Answer Stats

HintName% Correct
Tomorrow I will spread a malicious lieAdam
85%
Look for him at the west end of the buildingMatthew
85%
Use a fork; I don't have a spoon at handNathan
85%
The zoo fed the hippo live rats every hourOliver
80%
I walked quickly and reached the other sideAndre
80%
You'll need exterminators to kill all the ratsDexter
78%
As predicted, war dragged on for more yearsEdward
73%
At the picnic, all umbrellas were put awayCallum
68%
It's sweet to see that lamb run over the hillBruno
63%
You can have chocolate but I'll have vanillaEvan
51%
I want to make vinegar from scratchKevin
49%
My heart hurts and I don't want to liveArthur
49%
Can you borrow this pen? Certainly you can!Spencer
49%
Have you seen that youtube panda video?David
49%
The wolf ran kilometres before becoming tiredFrank
46%
I watched the hungry wench eat her turkey legHeath
46%
The athlete suffered from pelvic torsionVictor
46%
At the nunnery, a nun prayed into the nightRyan
41%
Several photos must be deleted from my phoneRalph
41%
I left just in time to take the very last bus homeJustin
39%

Score Distribution

Percentile by Number Answered

Percent of People with Each Score

Your Score History

You have not taken this quiz